| 000 | 02840 a2200313 4500 | ||
|---|---|---|---|
| 008 | 090226t xxu||||| |||| 00| 0 eng d | ||
| 010 | _aB-340929-937 | ||
| 020 |
_a9788183187961 _c225.00 |
||
| 035 | _aB-340929-937 | ||
| 037 | _bHimalaya Pub.House | ||
| 040 |
_adpl _bEnglish |
||
| 082 | _a370.15 | ||
| 100 | _aKhan, M.A. | ||
| 245 |
_aFundamentals of educational psychology / _cby M.A. Khan |
||
| 260 |
_aNew Delhi _bHimalaya Publishing House _c2007 |
||
| 270 |
_a4-Pooja Apartments, B, Murari Lal Street, Ansari Road, Darya Ganj _bNew Delhi _e110 002 |
||
| 300 |
_a302 p. _c22cm (pbk) |
||
| 942 |
_adpl _cEN _2ddc _h370.15 _mKHA |
||
| 999 |
_c24471 _d24471 |
||